Science and technology in Islam : an exhibition at the Science Museum, London, 7 April-29 August 1976 ... /

Bibliographic Details
Main Author: Harrow, Leonard
Corporate Author: Science Museum (Great Britain)
Other Authors: Wilson, Peter Lamborn, Maddison, Francis, Turner, Anthony John, 1946-
Format: Book
Language:English
Published: [London] : Crescent Moon Press [for the World of Islam Festival], 1976.
Subjects:

MARC

Tag First Indicator Second Indicator Subfields
LEADER 00000cam a2200000 a 4500
001 in00000070450
005 20151008061746.0
008 790410s1976 enka c 00010 engm
010 |a  79302974  
015 |a GB76-21799 
020 |a 0905035194 :  |c 0.70 
035 |a (OCoLC)04932479 
035 |9 AAJ8753AM 
040 |a DLC  |c DLC  |d m.c.  |d TXA  |d UtOrBLW 
043 |a aw-----  |a ff----- 
049 |a TXAM  |c [1406615] 
050 0 0 |a Q127.I74  |b H37 
082 0 |a 509/.17/671 
100 1 |a Harrow, Leonard. 
245 1 0 |a Science and technology in Islam :  |b an exhibition at the Science Museum, London, 7 April-29 August 1976 ... /  |c exhibition guide by Leonard Harrow and Peter Lamborn Wilson, based on information and research by F.R. Maddison and A.J. Turner. 
264 1 |a [London] :  |b Crescent Moon Press [for the World of Islam Festival],  |c 1976. 
300 |a 48 pages :  |b illustrations ;  |c 25 cm. 
336 |a text  |b txt  |2 rdacontent 
337 |a unmediated  |b n  |2 rdamedia 
338 |a volume  |b nc  |2 rdacarrier 
610 1 0 |a Science Museum (Great Britain) 
650 0 |a Science and civilization. 
650 0 |a Technology  |z Islamic Empire  |x History  |x Exhibitions. 
700 1 |a Wilson, Peter Lamborn. 
700 1 |a Maddison, Francis. 
700 1 |a Turner, Anthony John,  |d 1946- 
710 2 |a Science Museum (Great Britain) 
999 |a MARS 
999 f f |s 679f5c12-68fe-3cb8-8911-9d645628bf80  |i a29cdd29-1f65-3360-b355-725647de9216  |t 0 
952 f f |p ric  |a Texas A&M University  |b Rellis Campus  |c Joint Library Facility  |d Remote Storage  |t 0  |e Q127.I74 H37  |h Library of Congress classification  |i unmediated -- volume  |m A14806198947 
998 f f |a Q127.I74 H37  |t 0  |l Remote Storage